mysqli: Table './ulib62015/stat_globaluid' is marked as crashed and should be repaired
select id from stat_globaluid where statuid='20260517200432_2389'
mysqli: Table './ulib62015/stat_globaluid' is marked as crashed and should be repaired
DELETE FROM stat_globaluid
WHERE id NOT IN (
SELECT id
FROM (
SELECT id
FROM stat_globaluid
ORDER BY id DESC
LIMIT 100
) foo
);
mysqli: Table './ulib62015/stat_globaluid' is marked as crashed and should be repaired
insert into stat_globaluid set
statuid='20260517200432_2389',
dt='1779023072',
phpself='/ULIB62015/dublinfull.php',
agent='Mozilla/5.0 AppleWebKit/537.36 (KHTML, like Gecko; compatible; ClaudeBot/1.0; +claudebot@anthropic.com)',
yea='2026',
mon='5',
dat='17',
ip='216.73.216.45'
mysqli: Table './ulib62015/stathist_viewbib_bib_type' is marked as crashed and should be repaired
insert into stathist_viewbib_bib_type set
dat='17' ,
mon='05' ,
yea='2026' ,
statuid='20260517200432_2389' ,
head='13399121333' ,
foot='marc' ,
dt='1779023072'
| LEADER : 00000nam 2200000uu 4500 |
| 001 13399121333 |
| 003 ULIB |
| 008 150928s||||||||th 000 0 tha d |
| 060 4 ^aW32.JT3^bพ371 2558
|
| 245 00 ^aพระราชบัญญัติวิชาชีพการแพทย์แผนไทย พ.ศ.2556 พร้อมกฎกระทรวง และข้อบังคับสภาการแพทย์แผนไทย (ฉบับล่าสุด) /^cรวบรวมโดย ภานุวัฒน์ โพดนิ่ม
|
| 260 ^aม.ป.ท. :^bม.ป.พ.,^c2558.
|
| 300 ^a128 หน้า ;^c30 ซม.
|
| 650 4 ^aพระราชบัญญัติวิชาชีพการแพทย์แผนไทย
|
| 700 02 ^aภานุวัฒน์ โพดนิ่ม,^eผู้รวบรวม
|
| 710 0 ^a
|
| 945 ^p300^l0^i022498
|
| 945 ^p0^l0^i022499
|
| 945 ^p0^l0^i022500
|
| 945 ^p0^l0^i022690
|
| 945 ^p0^l0^i022691 |
| 999 ^a57066
|
| คุณยังไม่ได้ล็อกอิน คุณสามารถมีกิจกรรมร่วมกับเว็บไซต์ได้ แต่ต้องล็อกอินก่อน :: |
|
|
|
รายการใกล้เคียง
หัวเรื่อง [พระราชบัญญัติวิชาชีพการแพทย์แผนไทย]
|
|
ยังไม่เคยถูกคอมเมนท์
|
| คอมเมนท์ทรัพยากรรายการนี้ |
|